Proceso, autocomposición y autodefensa : contribución al estudio de los fines del proceso /

Contiene: Introducción; Autodefensa; Autocomposición; Proceso; Repercusiones e interferencias mutuas; Fines y limitaciones del proceso.

Guardado en:
Detalles Bibliográficos
Autor principal: Alcalá-Zamora y Castillo, Niceto (autor)
Otros autores: Fix-Zamudio, Héctor (presentación) (presentación)
Formato: Libro
Idioma:Español
Publicado: México : UNAM, 1991, c1991
Temas:
Etiquetas: Agrega una etiqueta
Sin etiquetas, Sé el primero en etiquetar este registro!

MARC

LEADER 00000nam^a2200000^a^4500
001 000137416
005 20250521000000.0
009 20260310095354.144
020 |a 968-36-1605-4 
037 |a Acervo ITESO - Biblioteca 
041 |a ESP 
082 |a 347.  |b ALC 
100 |a Alcalá-Zamora y Castillo, Niceto  |e (autor) 
245 1 0 |a Proceso, autocomposición y autodefensa :  |b contribución al estudio de los fines del proceso /  |c N. Alcalá-Zamora y Castillo ; presen. de H. Fix-Zamudio. 
264 4 |a México :  |b UNAM,  |c 1991, c1991 
300 |a 314 p. 
336 |a texto  |b txt  |2 rdacontenido 
337 |a sin mediación  |b n  |2 rdamedio 
338 |a volumen  |b nc  |2 rdasoporte 
520 |a Contiene: Introducción; Autodefensa; Autocomposición; Proceso; Repercusiones e interferencias mutuas; Fines y limitaciones del proceso. 
649 |a XX 
650 |a Legítima Defensa 
650 |a Proceso Penal 
650 |a Derecho Procesal Civil 
650 |a Derecho Procesal Penal 
650 |a Derecho Privado 
650 |a Derecho Público 
700 |a Fix-Zamudio, Héctor  |e (presentación) 
910 |a Fondo General 
920 |a Impresos - Libros 
930 |a Colección General 
905 |a 101 
901 |a 0097280100  |b IT1  |c ACC  |u 20250521 
902 |a https://opac.biblio.iteso.mx/vufind/Record/000137416